Памяти Альберта Вазгеновича Папаяна (Запись № 378970)

Подробности
000 -МАРКЕР
контрольное поле 01344nam0a2200289 4500
001 - ИДЕНТИФИКАТОР ЗАПИСИ
контрольное поле RU\NLR\bibl\373732
005 - ИДЕНТИФИКАТОР ВЕРСИИ
контрольное поле 20250622151316.0
021 ## - НОМЕР ГОСУДАРСТВЕННОЙ РЕГИСТРАЦИИ
Код страны Российская Федерация
Номер 2003-10720
Номер Листа государственной регистраци 492
035 ## - ДРУГИЕ СИСТЕМНЫЕ НОМЕРА
Идентификатор записи (NLR Aleph) 000368233
100 ## - ДАННЫЕ ОБЩЕЙ ОБРАБОТКИ
Данные общей обработки 20030305d2002 |||y0rusy50 ca
101 0# - ЯЗЫК РЕСУРСА
Язык текста, звукозаписи и т.д. русский
102 ## - СТРАНА ПУБЛИКАЦИИ ИЛИ ПРОИЗВОДСТВА
Страна публикации Российская Федерация
105 ## - ПОЛЕ КОДИРОВАННЫХ ДАННЫХ: ТЕКСТОВЫЕ МАТЕРИАЛЫ, МОНОГРАФИЧЕСКИЕ
Кодированные данные о монографическом текстовом документе y |||||||||
200 1# - ЗАГЛАВИЕ И СВЕДЕНИЯ ОБ ОТВЕТСТВЕННОСТИ
Основное заглавие Памяти Альберта Вазгеновича Папаяна
Сведения, относящиеся к заглавию Речь на заседании Союза педиатров Санкт-Петербурга (20 нояб. 2002 г.)
Первые сведения об ответственности Проф. Н.Д. Савенкова
Последующие сведения об ответственности ГОУ ВПО С.-Петерб. гос. пед. мед. акад. и др.
210 ## - ПУБЛИКАЦИЯ, РАСПРОСТРАНЕНИЕ И ДР.
Место издания, распространения и т.д. СПб.
Имя издателя, распространителя и т. д. СПбГПМА
Дата издания, распространения и т.д. 2002
215 ## - ФИЗИЧЕСКАЯ ХАРАКТЕРИСТИКА
Специфическое обозначение материала и объем 21 с.
Размеры 21
300 ## - ОБЩИЕ ПРИМЕЧАНИЯ
Текст примечания В надзаг. также: Союз педиатров Санкт-Петербурга, Ассоц. педиатров-нефрологов Севера-Запада России
600 #1 - ИМЯ ЛИЦА КАК ПРЕДМЕТ
Начальный элемент ввода Папаян
Часть имени, кроме начального элемента ввода А.В.
Даты 1936 - 2002
Расширение инициалов личного имени Альберт Вазгенович
Системный номер авторитетной/нормативной записи 2279174
Идентификатор авторитетной/нормативной записи RU\NLR\auth\661365609
600 #1 - ИМЯ ЛИЦА КАК ПРЕДМЕТ
Начальный элемент ввода Папаян
Часть имени, кроме начального элемента ввода А. В.
Даты 1936-2002
Расширение инициалов личного имени Альберт Вазгенович
Код системы psbo
686 ## - ИНДЕКСЫ ДРУГИХ КЛАССИФИКАЦИЙ
Индекс Р.г(2)7д Папаян
700 #1 - ИМЯ ЛИЦА - ПЕРВИЧНАЯ ОТВЕТСТВЕННОСТЬ
Начальный элемент ввода Савенкова
Часть имени, кроме начального элемента ввода Н. Д.
Код отношения Автор
801 #0 - ИСТОЧНИК ЗАПИСИ
Страна Российская Федерация
Организация NLR
Дата составления 20030305
Правила каталогизации PSBO
801 #1 - ИСТОЧНИК ЗАПИСИ
Страна Российская Федерация
Организация NLR
Дата составления 20030305
942 ## - ДОПОЛНИТЕЛЬНЫЕ ЭЛЕМЕНТЫ ЗАПИСИ (АБИС)
Тип экземпляра АБИС Книга
980 ## - КОЛЛЕКЦИЯ
Название коллекции Национальная библиография
Экземпляры
Тип экземпляра Дата поступления Источник поступления Библиотека постоянного хранения Библиотека текущего хранения Место хранения Шифр хранения Штрих-код Статус экземпляра Стоимость
Книга 05.03.2003 Дар РНБ (Московский) РНБ (Московский) Русский книжный фонд: издания с 1957 года 2003-4/3763 434743    
Книга 28.04.2003 Обязательный экземпляр РНБ (Московский) РНБ (Московский) Русский книжный фонд: издания с 1957 года 2003-4/3763 474792    
Книга 28.04.2003 Обязательный экземпляр РНБ (Московский) РНБ (Московский) Обменный фонд   474793    
Книга 06.05.2016 Дар РНБ (Московский) РНБ (Московский) Обменный фонд   1-1243066   100.00